000 00634nam a22001577a 4500
003 OSt
005 20150919095118.0
008 150919b xxu||||| |||| 00| 0 eng d
040 _cRUA
082 _aAGR SRE 2006 B034 Or.1
100 _9828
_aSREY, PHALLIN.
245 _aEfeect of plastic cover on yield of cauliflower at royal university agriculture ឥទ្ធិពលនៃការគ្របទៅលើទិន្នផលខាតណាផ្កា នៅសាកលវិទ្យាល័យភូមិន្ទកសិកម្ម
260 _aPhnom Penh
_bRUA
_c2006
300 _a44p.
_bill.
_c29cm.
942 _2ddc
_cAGR
999 _c796
_d796